Core Curriculum in public high schools; (Record no. 22130)
[ view plain ]
| 000 -LEADER | |
|---|---|
| fixed length control field | 00940cam a22002411 4500 |
| 001 - CONTROL NUMBER | |
| control field | e 50000026 |
| 003 - CONTROL NUMBER IDENTIFIER | |
| control field | DLC |
| 005 - DATE AND TIME OF LATEST TRANSACTION | |
| control field | 20260227111234.0 |
| 008 - FIXED-LENGTH DATA ELEMENTS--GENERAL INFORMATION | |
| fixed length control field | 780612s1950 dcu 000 0 eng c |
| 010 ## - LIBRARY OF CONGRESS CONTROL NUMBER | |
| LC control number | e 50000026 |
| 035 ## - SYSTEM CONTROL NUMBER | |
| System control number | (OCoLC)3968453 |
| 040 ## - CATALOGING SOURCE | |
| Original cataloging agency | U. S. Office of Education. Library |
| Transcribing agency | MsHaU |
| Modifying agency | DLC |
| 042 ## - AUTHENTICATION CODE | |
| Authentication code | premarc |
| 050 00 - LIBRARY OF CONGRESS CALL NUMBER | |
| Classification number | L111 |
| Item number | .A6 1950, no. 5 |
| 082 ## - DEWEY DECIMAL CLASSIFICATION NUMBER | |
| Classification number | 373 |
| 100 1# - MAIN ENTRY--PERSONAL NAME | |
| Personal name | Wright, Grace Stevens. |
| 245 10 - TITLE STATEMENT | |
| Title | Core Curriculum in public high schools; |
| Remainder of title | an inquiry into |
| Statement of responsibility, etc. | practices, 1949. |
| 260 ## - PUBLICATION, DISTRIBUTION, ETC. | |
| Place of publication, distribution, etc. | [Washington] |
| Name of publisher, distributor, etc. | Federal Security Agency, Office of Education |
| Date of publication, distribution, etc. | [1950] |
| 300 ## - PHYSICAL DESCRIPTION | |
| Extent | iv, 32 p. |
| Dimensions | 23 cm. |
| 410 10 - SERIES STATEMENT/ADDED ENTRY--CORPORATE NAME [OBSOLETE, CAN/MARC], [LOCAL, USA] | |
| Corporate name or jurisdiction name as entry element | United States. |
| Subordinate unit | Office of Education. |
| Title of a work | Bulletin, |
| Date of a work | 1950, |
| Volume number/sequential designation | no. 5 |
| 501 ## - WITH NOTE | |
| With note | Copies 1 and 2 with: 102 motion pictures on democracy / Seerley Reid. Washington : U.S. Govt. Print. Off., 1950. Bound together subsequent to publication. |
| Institution to which field applies | DLC |
| 650 #0 - SUBJECT ADDED ENTRY--TOPICAL TERM | |
| Topical term or geographic name entry element | High schools |
| General subdivision | Curricula |
| Geographic subdivision | United States. |
No items available.